Diagnóstico del estado del conocimiento, conservación y uso de la biodiversidad de la Cuenca del Orinoco Colombia (Registro nro. 5058)

Detalles MARC
000 -CABECERA
Campo de control 00659nam a2200157 a 4500
005 - FECHA Y HORA DE LA ULTIMA TRANSACCION
Campo de control 20141222144327.0
008 - ELEMENTOS DE LONGITUD FIJA—INFORMACION GENERAL
Campo de control 141222b xxu||||| |||| 00| 0 spa d
040 ## - FUENTE DE CATALOGACIÓN
Agencia transcriptora CO-BoIH
041 ## - IDIOMA
Código de idioma para texto/pista de sonido o título separado Español
090 ## - CLASIFICACIÓN LOCAL
Colección IAVH
Consecutivo 00495
245 ## - MENCION DE TITULO
Título Diagnóstico del estado del conocimiento, conservación y uso de la biodiversidad de la Cuenca del Orinoco Colombia
Parte restante del título versión preliminar
260 ## - PUBLICACION, DISTRIBUCION, ETC. (PIE DE IMPRENTA)
Lugar de publicación, distribución, etc. Bogotá
Nombre del editor, distribuidor, etc. Unillanos
-- Universidad Javeriana
-- Unitropico
-- Corporinoquia
-- Cormacarena
-- CDA
-- Fundación Umacha
-- Fundación Horizonte Verde
-- UAESPNN
-- WWF-Colombia
-- GTZ
-- Instituto Alexander von Humboldt
Fecha de publicación, distribución, etc. 2004
300 ## - DESCRIPCION FISICA
Extensión 350 p.
942 ## - ELEMENTOS ADICIONALES (KOHA)
Tipo de ítem Informe Técnico
Koha issues (borrowed), all copies 2
Sistema de clasificación Local
945 ## - PROCESAMIENTO LOCAL
AAAA-MM-DD - Fecha de ingreso o modificacion 2006-01-03
Existencias
Withdrawn status Lost status Sistema de Clasificación Damaged status No para préstamo Colección Inventariado Ubicación Permanente Ubicación actual Fecha de adquisición Total Checkouts Total Renewals Número topográfico Inventario / Código de Barras Date last seen Date checked out Ejemplar Price effective from Forma de adquisición Tipo de material
    Local     Humboldt Inventariado 2017 Bogotá Bogotá 03/01/2005 2 1 IAVH-00495 022820 09/08/2024 10/11/2014 Ej. 1 04/12/2012   Informe Técnico